| 000 | 02308nam a2200421 c 4500 | ||
|---|---|---|---|
| 003 | BLK | ||
| 005 | 20250715083539.0 | ||
| 008 | 180409b bul|||||r ||||||| ||bul|| | ||
| 010 | _aKNG00119634000 | ||
| 020 |
_a978-954-09-0224-1 _bиздат.: Захарий Стоянов |
||
| 040 | _aBLK | ||
| 041 |
_aBUL _cBUL |
||
| 072 | 7 |
_2bullib _aН83 _xЧужда художествена литература Н |
|
| 080 |
_aКласическа гръцка литература. Старогръцка литература _b821.142 _x-13 _z821.142-13 |
||
| 100 | 1 |
_aОмир _eпърви автор _9104719 |
|
| 700 | 1 |
_aМилев, Александър _eпрев. от старогр. _gИванов, Александър Милев _9365434 |
|
| 700 | 1 |
_aДимитрова, Блага _eпрев. от старогр. _9368072 |
|
| 700 | 1 |
_aДенков, Александър Гаврилов _eил. _9376146 |
|
| 700 |
_aДимитрова, Блага Николова _d1922 - 2003 _gПисателка, поетеса, драматург, публицист, преводачка _9363629 |
||
| 700 | 1 |
_aДенков, Александър Гаврилов _e* _9376146 |
|
| 700 | 1 |
_aИванов, Александър Милев _e* _9367926 |
|
| 139 |
_aОмир _bО 56 |
||
| 245 | 1 | 0 |
_aИлиада _cОмир; прев. от старогр. Александър Милев; прев. от старогр. Блага Димитрова; ил. Александър Гаврилов Денков; * Блага Николова Димитрова; * Александър Гаврилов Денков; * Александър Милев Иванов. |
| 250 | _a4. изд. | ||
| 257 | _aDRG | ||
| 260 |
_аСофия _bЗахарий Стоянов _c2009 |
||
| 300 |
_a672 с. _bс ил. _c24 см |
||
| 380 | _aX | ||
| 500 | _aОриг. загл. Ilias. - Пълното име на първия прев. е Александър Милев Иванов. - 1. изд. 1969 на изд. Нар. култура. Подв. | ||
| 653 | _aпоеми | ||
| 659 | _aН | ||
| 852 | _aЦб 248591 | ||
| 856 | 4 |
_qpdf _u |
|
| 856 | 4 |
_qpdf _u |
|
| 942 |
_cKNG _n0 _022 |
||
| 944 |
_aCR _c09.09.2010 _lЦветомила Тодорова _k30576 |
||
| 944 |
_aED _c25.11.2014 _lф / 01.09.2010 _kЛюдмила_Стоянова |
||
| 999 |
_c114203 _d114203 |
||